000 00692nam a2200229 a 4500
001 BRCA_7762
005 20190320210000.0
008 200913s1959----enka###f##---#001-0#ger-#
041 _ager
044 _aenk
050 4 _aTR1
_b.H35
_c1959
100 1 _aHall, Norman
_919210
245 1 0 _aInternationales jahrbuch der fotografie 1959
_cNorman Hall und Basil Burton.
260 _aLondres
_bPhotography Magazine
_cc1958
300 _axi, 224 p.
_bil., fot.
_c27 cm.
500 _aLa biblioteca tiene en su acervo el ejemplar correspondiente a 1959
500 _aX2
650 1 4 _aFotografĂ­a
_vAnuarios
_912863
700 1 _aBurton, Basil
_ecoaut.
_919211
902 _aGFM
942 _2lcc
_cB
999 _c7436
_d7436